[Event "Vesterhav"]
[Site "Esbjerg"]
[Date "1988.07.03"]
[Round "1"]
[White "Kosten, Anthony"]
[Black "Kupreichik, Victor"]
[Result "0-1"]
[WhiteElo "2510"]
[BlackElo "2445"]
[PlyCount "75"]
[EventDate "1988.07.03"]
[EventType "tourn"]
[EventRounds "11"]
[EventCountry "DEN"]

1. e4 e5 2. Nf3 Nc6 3. Bb5 a6 4. Ba4 Nf6 5. O-O Be7 6. Re1 b5 7. Bb3 O-O 8. d3
d6 9. c3 h6 10. Nbd2 Re8 11. a4 Bd7 12. Nf1 Na5 13. Bc2 c5 14. axb5 axb5 15.
Ng3 Bf8 16. h3 b4 17. cxb4 cxb4 18. Bd2 Qb6 19. Ba4 Nc6 20. Be3 Qb7 21. Nh4 d5
22. Nhf5 Kh7 23. exd5 Nxd5 24. Qf3 Be6 25. Ne4 Qd7 26. Nxh6 gxh6 27. Nf6+ Nxf6
28. Bxc6 Rxa1 29. Rxa1 Qd6 30. Bxe8 Nxe8 31. Qe4+ f5 32. Qa8 Ng7 33. Ra5 b3 34.
Kh1 Be7 35. Ra1 Bd5 36. Qc8 f4 37. Bd2 f3 38. Ra6 0-1

[Event "Vesterhav"]
[Site "Esbjerg"]
[Date "1988.07.03"]
[Round "1"]
[White "Kristiansen, Jens"]
[Black "Vaganian, Rafael A"]
[Result "0-1"]
[WhiteElo "2415"]
[BlackElo "2595"]
[PlyCount "46"]
[EventDate "1988.07.03"]
[EventType "tourn"]
[EventRounds "11"]
[EventCountry "DEN"]

1. c4 e6 2. Nf3 Nf6 3. g3 a6 4. Nc3 d5 5. cxd5 exd5 6. d4 Be7 7. Bg2 O-O 8. O-O
c6 9. Qc2 Nbd7 10. Bg5 Re8 11. e3 h6 12. Bxf6 Nxf6 13. Ne5 Ng4 14. Nd3 Bd6 15.
Rae1 Bf5 16. h3 Nf6 17. g4 Bxg4 18. hxg4 Nxg4 19. Re2 Bh2+ 20. Kh1 Qh4 21. Rd1
Re6 22. Ne1 Bg3+ 23. Kg1 Bxf2+ 0-1

[Event "Vesterhav"]
[Site "Esbjerg"]
[Date "1988.07.03"]
[Round "1"]
[White "Watson, William"]
[Black "Hellers, Ferdinand"]
[Result "1/2-1/2"]
[WhiteElo "2500"]
[BlackElo "2490"]
[PlyCount "33"]
[EventDate "1988.07.03"]
[EventType "tourn"]
[EventRounds "11"]
[EventCountry "DEN"]

1. e4 c5 2. Nf3 d6 3. d4 cxd4 4. Nxd4 Nf6 5. Nc3 a6 6. f4 e6 7. Bd3 Nc6 8. Nf3
Qc7 9. O-O b5 10. Qe1 b4 11. Ne2 Be7 12. Ned4 Nxd4 13. Nxd4 Qb6 14. Be3 Ng4 15.
Kh1 Bf6 16. c3 bxc3 17. bxc3 1/2-1/2

[Event "Vesterhav"]
[Site "Esbjerg"]
[Date "1988.07.04"]
[Round "2"]
[White "Hellers, Ferdinand"]
[Black "Rasmussen, Karsten"]
[Result "1-0"]
[WhiteElo "2490"]
[BlackElo "2480"]
[PlyCount "121"]
[EventDate "1988.07.03"]
[EventType "tourn"]
[EventRounds "11"]
[EventCountry "DEN"]

1. e4 c6 2. d4 d5 3. Nc3 dxe4 4. Nxe4 Bf5 5. Ng3 Bg6 6. h4 h6 7. Nf3 Nd7 8. h5
Bh7 9. Bd3 Bxd3 10. Qxd3 e6 11. Bf4 Ngf6 12. O-O-O Be7 13. Ne5 O-O 14. c4 c5
15. d5 Bd6 16. Ng6 Bxf4+ 17. Nxf4 Qc7 18. Rh4 Rad8 19. dxe6 Ne5 20. Qe2 Rxd1+
21. Qxd1 Nxc4 22. Nf5 fxe6 23. Ne7+ Qxe7 24. Ng6 Qf7 25. Rxc4 Re8 26. Rxc5 Nd5
27. Qc2 Nb4 28. Qd2 Nc6 29. f4 e5 30. fxe5 Qf1+ 31. Qd1 Qxg2 32. Qd5+ Qxd5 33.
Rxd5 Rd8 34. Rxd8+ Nxd8 35. Kd2 Kf7 36. Ke3 Ke6 37. Ke4 Nc6 38. Nf4+ Kd7 39. a3
Ke7 40. Kf5 Kf7 41. e6+ Kf8 42. Nd5 Kg8 43. Nf4 Kf8 44. Ng6+ Ke8 45. Ke4 Kd8
46. Kd5 Kc7 47. b4 a6 48. Kc5 b6+ 49. Kd5 Na7 50. Ne7 Nb5 51. Nf5 Nxa3 52. Nxg7
Kd8 53. Nf5 Nb5 54. Nxh6 Nc7+ 55. Ke5 Ke8 56. Nf5 Kf8 57. h6 Kg8 58. Kd6 Ne8+
59. Ke7 Nc7 60. Kd7 Nd5 61. Ne7+ 1-0

[Event "Vesterhav"]
[Site "Esbjerg"]
[Date "1988.07.04"]
[Round "2"]
[White "Mortensen, Erling"]
[Black "Karlsson, Lars"]
[Result "0-1"]
[WhiteElo "2480"]
[BlackElo "2520"]
[PlyCount "42"]
[EventDate "1988.07.03"]
[EventType "tourn"]
[EventRounds "11"]
[EventCountry "DEN"]

1. e4 e6 2. d4 d5 3. Nc3 Bb4 4. e5 c5 5. a3 Bxc3+ 6. bxc3 Ne7 7. Qg4 O-O 8. Bd3
c4 9. Bh6 Ng6 10. Bxg6 fxg6 11. Be3 Nc6 12. h4 Qe8 13. h5 gxh5 14. Rxh5 Ne7 15.
Nf3 Rf5 16. Rh2 Qg6 17. Qh4 Nc6 18. O-O-O Bd7 19. Rdh1 h6 20. Rh3 Rxf3 21. Rxf3
Nb4 0-1

[Event "Vesterhav"]
[Site "Esbjerg"]
[Date "1988.07.04"]
[Round "2"]
[White "Watson, William"]
[Black "Kristiansen, Jens"]
[Result "1/2-1/2"]
[WhiteElo "2500"]
[BlackElo "2415"]
[PlyCount "45"]
[EventDate "1988.07.03"]
[EventType "tourn"]
[EventRounds "11"]
[EventCountry "DEN"]

1. e4 g6 2. d4 Bg7 3. Nc3 c6 4. f4 d5 5. e5 h5 6. Be3 Nh6 7. Nf3 Bg4 8. Bf2 Qb6
9. Rb1 e6 10. Be2 Nf5 11. O-O Bf8 12. b3 Nd7 13. Na4 Qc7 14. c4 Nb6 15. c5 Nxa4
16. bxa4 Be7 17. Qd2 b6 18. Rb3 bxc5 19. dxc5 O-O 20. Ba6 Bxf3 21. Rxf3 d4 22.
Rc1 Rfd8 23. Rd3 1/2-1/2

[Event "Vesterhav"]
[Site "Esbjerg"]
[Date "1988.07.06"]
[Round "3"]
[White "Hansen, Curt"]
[Black "Mortensen, Erling"]
[Result "1-0"]
[WhiteElo "2520"]
[BlackElo "2480"]
[PlyCount "75"]
[EventDate "1988.07.03"]
[EventType "tourn"]
[EventRounds "11"]
[EventCountry "DEN"]

1. c4 Nf6 2. g3 g6 3. Bg2 Bg7 4. Nf3 O-O 5. O-O d6 6. Nc3 c6 7. d4 Qa5 8. h3 e5
9. e4 Nbd7 10. Re1 exd4 11. Nxd4 Ne5 12. Bf1 Re8 13. Rb1 Be6 14. b4 Qc7 15. f4
Ned7 16. f5 gxf5 17. exf5 Bxc4 18. Rxe8+ Nxe8 19. Bxc4 d5 20. Bf4 Qb6 21. f6
Bxf6 22. Be3 dxc4 23. Qg4+ Ng7 24. Nf5 h5 25. Qxc4 Qc7 26. Nb5 Qb8 27. Nh6+ Kh7
28. Qe4+ Kh8 29. Nxf7+ Kg8 30. Nbd6 Ne5 31. Nh6+ Kh8 32. Rd1 Ne8 33. Nhf7+ Nxf7
34. Nxf7+ Kg7 35. Bh6+ Kg8 36. Qg6+ Bg7 37. Re1 Kf8 38. Nd6 1-0

[Event "Vesterhav"]
[Site "Esbjerg"]
[Date "1988.07.05"]
[Round "3"]
[White "Karlsson, Lars"]
[Black "Kupreichik, Victor"]
[Result "1/2-1/2"]
[WhiteElo "2520"]
[BlackElo "2445"]
[PlyCount "52"]
[EventDate "1988.07.03"]
[EventType "tourn"]
[EventRounds "11"]
[EventCountry "DEN"]

1. c4 g6 2. g3 Bg7 3. Bg2 e5 4. Nc3 d6 5. e3 f5 6. d4 Nf6 7. dxe5 dxe5 8. Qxd8+
Kxd8 9. e4 c6 10. f4 Nxe4 11. Nxe4 fxe4 12. fxe5 Re8 13. Bg5+ Kc7 14. O-O-O Bf5
15. h3 Nd7 16. g4 Be6 17. b3 Nc5 18. Be3 Nd3+ 19. Kb1 Rf8 20. Ne2 Bxe5 21. Rhf1
Bd6 22. Bxe4 Nc5 23. Bc2 Rae8 24. Rxf8 Rxf8 25. Nd4 Bc8 26. b4 Na6 1/2-1/2

[Event "Vesterhav"]
[Site "Esbjerg"]
[Date "1988.07.05"]
[Round "3"]
[White "Kosten, Anthony"]
[Black "Watson, William"]
[Result "1/2-1/2"]
[WhiteElo "2510"]
[BlackElo "2500"]
[PlyCount "28"]
[EventDate "1988.07.03"]
[EventType "tourn"]
[EventRounds "11"]
[EventCountry "DEN"]

1. e4 c5 2. Nf3 d6 3. d4 cxd4 4. Nxd4 Nf6 5. Nc3 g6 6. Be3 Bg7 7. f3 O-O 8. Qd2
Nc6 9. Bc4 Bd7 10. h4 h5 11. O-O-O Ne5 12. Bb3 Rc8 13. Bh6 Bxh6 14. Qxh6 Rxc3
1/2-1/2

[Event "Vesterhav"]
[Site "Esbjerg"]
[Date "1988.07.05"]
[Round "3"]
[White "Kristiansen, Jens"]
[Black "Hellers, Ferdinand"]
[Result "1-0"]
[WhiteElo "2415"]
[BlackElo "2490"]
[PlyCount "73"]
[EventDate "1988.07.03"]
[EventType "tourn"]
[EventRounds "11"]
[EventCountry "DEN"]

1. c4 Nf6 2. Nc3 g6 3. e4 d6 4. d4 Bg7 5. Nf3 O-O 6. Be2 e5 7. O-O Nc6 8. d5
Ne7 9. Nd2 c5 10. Rb1 Ne8 11. b4 b6 12. a4 f5 13. a5 Nf6 14. Qa4 Bd7 15. Qa3
Bh6 16. bxc5 bxc5 17. a6 Rb8 18. Rxb8 Qxb8 19. Nf3 Bxc1 20. Rxc1 Qb4 21. Qa1
Nxe4 22. Nxe4 fxe4 23. Rb1 Qa4 24. Qxa4 Bxa4 25. Ng5 Bc2 26. Rb7 Bd3 27. Rxe7
Bxe2 28. Rxa7 e3 29. f3 Bxc4 30. Ne6 Re8 31. Nc7 Re7 32. Ra8+ Kg7 33. Rc8 e4
34. f4 g5 35. f5 h5 36. a7 Bxd5 37. f6+ 1-0

[Event "Vesterhav"]
[Site "Esbjerg"]
[Date "1988.07.05"]
[Round "3"]
[White "Larsen, Bent"]
[Black "Vaganian, Rafael A"]
[Result "0-1"]
[WhiteElo "2560"]
[BlackElo "2595"]
[PlyCount "68"]
[EventDate "1988.07.03"]
[EventType "tourn"]
[EventRounds "11"]
[EventCountry "DEN"]

1. c4 e6 2. Nc3 d5 3. d4 Nf6 4. Bg5 Be7 5. e3 O-O 6. Nf3 h6 7. Bh4 b6 8. cxd5
Nxd5 9. Bxe7 Qxe7 10. Rc1 Bb7 11. Be2 c5 12. dxc5 Qxc5 13. O-O Qb4 14. Qd2 Nxc3
15. Rxc3 Na6 16. a3 Qe7 17. b4 Nc7 18. Nd4 Nd5 19. Rc2 a5 20. Rb1 axb4 21. axb4
Rfc8 22. Rxc8+ Rxc8 23. Bf1 Nc3 24. Rb2 Ne4 25. Qe1 e5 26. Nf5 Qd7 27. Ng3 Qa4
28. Nf5 Rd8 29. Be2 Nc3 30. Qxc3 Rd1+ 31. Bf1 Rxf1+ 32. Kxf1 Qd1+ 33. Qe1 Bxg2+
34. Kxg2 Qxe1 0-1

[Event "Vesterhav"]
[Site "Esbjerg"]
[Date "1988.07.07"]
[Round "4"]
[White "Kristiansen, Jens"]
[Black "Kosten, Anthony"]
[Result "1/2-1/2"]
[WhiteElo "2415"]
[BlackElo "2510"]
[PlyCount "84"]
[EventDate "1988.07.03"]
[EventType "tourn"]
[EventRounds "11"]
[EventCountry "DEN"]

1. c4 e5 2. Nc3 Nc6 3. g3 g6 4. Bg2 Bg7 5. e3 f5 6. Nge2 Nf6 7. O-O O-O 8. d3
Kh8 9. Rb1 a5 10. a3 Ne7 11. e4 fxe4 12. dxe4 d6 13. h3 Be6 14. b3 Qd7 15. Kh2
Rf7 16. Be3 Raf8 17. Qd2 Nh5 18. Nd5 b6 19. b4 axb4 20. axb4 Qd8 21. f3 Nf6 22.
Nec3 Nexd5 23. exd5 Bf5 24. Rbe1 Qe8 25. Bg5 Ng8 26. g4 Bc8 27. Ne4 Ba6 28. b5
Bc8 29. Be3 Nf6 30. Ng5 Re7 31. f4 h6 32. Ne6 Bxe6 33. dxe6 exf4 34. Bxf4 g5
35. Bc6 Qc8 36. Be3 Rxe6 37. Bd4 Rxe1 38. Rxe1 Qd8 39. Re6 Ng8 40. Qb2 Bxd4 41.
Qxd4+ Nf6 42. Kg2 Kg7 1/2-1/2

[Event "Vesterhav"]
[Site "Esbjerg"]
[Date "1988.07.07"]
[Round "4"]
[White "Kupreichik, Victor"]
[Black "Hansen, Curt"]
[Result "1/2-1/2"]
[WhiteElo "2445"]
[BlackElo "2520"]
[PlyCount "104"]
[EventDate "1988.07.03"]
[EventType "tourn"]
[EventRounds "11"]
[EventCountry "DEN"]

1. e4 c5 2. Nf3 e6 3. Nc3 a6 4. g3 Nc6 5. Bg2 Nf6 6. O-O Be7 7. e5 Ng4 8. Re1
Qc7 9. Qe2 f6 10. exf6 Nxf6 11. d3 O-O 12. Ne4 Nxe4 13. dxe4 b5 14. e5 Bb7 15.
c3 Rf5 16. g4 Rf7 17. Ng5 Bxg5 18. Bxg5 Raf8 19. Bh4 Ne7 20. Bxe7 Rxe7 21. Bxb7
Qxb7 22. Qe4 Qc7 23. Rad1 Ref7 24. Rd2 Rf4 25. Qg2 Rf3 26. a3 Qd8 27. Ree2 h6
28. Rd6 R8f4 29. Rxa6 Qg5 30. h3 h5 31. Re3 Rxf2 32. Qxf2 Rxf2 33. Kxf2 Qf4+
34. Ke2 Qh2+ 35. Ke1 hxg4 36. hxg4 Qxb2 37. Rd6 Qxa3 38. Ke2 Qa2+ 39. Kf3 b4
40. cxb4 cxb4 41. Rxd7 Qc4 42. Rd8+ Kh7 43. Rb8 g5 44. Kf2 Qf4+ 45. Rf3 Qxe5
46. Rf7+ Kg6 47. Rfb7 Qf4+ 48. Ke1 Qxg4 49. Rxb4 Qg3+ 50. Ke2 e5 51. Re4 Kf5
52. Rbb4 Qg2+ 1/2-1/2

[Event "Vesterhav"]
[Site "Esbjerg"]
[Date "1988.07.07"]
[Round "4"]
[White "Mortensen, Erling"]
[Black "Rasmussen, Karsten"]
[Result "1-0"]
[WhiteElo "2480"]
[BlackElo "2480"]
[PlyCount "145"]
[EventDate "1988.07.03"]
[EventType "tourn"]
[EventRounds "11"]
[EventCountry "DEN"]

1. e4 c6 2. d4 d5 3. exd5 cxd5 4. c4 Nf6 5. Nc3 e6 6. Nf3 Bb4 7. cxd5 exd5 8.
Bd3 Bg4 9. Qa4+ Nc6 10. Ne5 Qb6 11. O-O Be6 12. Bg5 Be7 13. Bb5 Rc8 14. f4 g6
15. Bxf6 Bxf6 16. Qd1 O-O 17. Bxc6 Bxe5 18. fxe5 Rxc6 19. Qd2 Rc4 20. Rad1 Rfc8
21. Rf4 Qd8 22. Rdf1 a6 23. Qf2 R8c7 24. Rf6 b5 25. h4 b4 26. Na4 Rc2 27. Qf4
Qe7 28. Kh2 Bf5 29. Nc5 Rxb2 30. Rxa6 Ra7 31. Rxa7 Qxa7 32. e6 fxe6 33. Nxe6
Re2 34. Ng5 Qe7 35. Rc1 Rxa2 36. Qb8+ Qf8 37. Qe5 Ra7 38. Qxd5+ Kg7 39. Qe5+
Qf6 40. Rc7+ Rxc7 41. Qxc7+ Kg8 42. Qb8+ Qf8 43. Qc7 Qf6 44. Qc4+ Be6 45. Qxb4
Qf4+ 46. Kg1 Bd5 47. Qb6 Qe3+ 48. Kh2 Qf4+ 49. Kh3 Qe3+ 50. g3 Qe7 51. Qb5 Qd8
52. Kh2 h6 53. Nh3 g5 54. hxg5 hxg5 55. Qe2 Kf8 56. Qe5 Qa5 57. Nxg5 Qd2+ 58.
Kh3 Qg2+ 59. Kg4 Qh1 60. Qf4+ Kg7 61. Kf5 Qb1+ 62. Ke5 Ba2 63. Qf6+ Kg8 64.
Qd8+ Kg7 65. Ne4 Qb5+ 66. d5 Qb2+ 67. Ke6 Qe2 68. Qg5+ Kf8 69. Qf5+ Kg8 70.
Qg5+ Kf8 71. Qf5+ Kg8 72. Kf6 Qb2+ 73. Qe5 1-0

[Event "Vesterhav"]
[Site "Esbjerg"]
[Date "1988.07.08"]
[Round "5"]
[White "Karlsson, Lars"]
[Black "Watson, William"]
[Result "0-1"]
[WhiteElo "2520"]
[BlackElo "2500"]
[PlyCount "118"]
[EventDate "1988.07.03"]
[EventType "tourn"]
[EventRounds "11"]
[EventCountry "DEN"]

1. c4 g6 2. g3 Bg7 3. Bg2 e5 4. Nc3 Nc6 5. e3 d6 6. Nge2 Nge7 7. O-O Bf5 8. d3
Qd7 9. Nd5 O-O 10. Rb1 Nxd5 11. cxd5 Ne7 12. Qb3 Rab8 13. e4 Bh3 14. Bg5 Bxg2
15. Kxg2 c5 16. Be3 b5 17. f4 exf4 18. Bxf4 Nc8 19. Qc2 Nb6 20. b3 Rbc8 21. a4
bxa4 22. bxa4 c4 23. a5 cxd3 24. Qxd3 Nc4 25. a6 Nb2 26. Qf3 f5 27. e5 Rc2 28.
Rfc1 Rxc1 29. Bxc1 Nc4 30. Rb7 Qa4 31. exd6 Qxa6 32. Rxg7+ Kxg7 33. Nf4 Kf7 34.
Ne6 Nxd6 35. Nxf8 Kxf8 36. Ba3 Kf7 37. Qe3 Ne4 38. d6 Ke8 39. g4 Kd7 40. gxf5
gxf5 41. Kh3 Qb6 42. Qh6 Qb3+ 43. Kh4 Qg8 44. Qh5 Qg6 45. Qxg6 hxg6 46. Bb4 a6
47. Kh3 Ke6 48. Kh4 Nxd6 49. Kg5 Ne4+ 50. Kf4 g5+ 51. Ke3 Kd5 52. Ba5 Kc4 53.
Bd8 Kd5 54. Kf3 Ke5 55. Bc7+ Nd6 56. Bd8 g4+ 57. Ke3 f4+ 58. Kd3 Kf5 59. Bc7
Nf7 0-1

[Event "Vesterhav"]
[Site "Esbjerg"]
[Date "1988.07.08"]
[Round "5"]
[White "Kosten, Anthony"]
[Black "Hellers, Ferdinand"]
[Result "1/2-1/2"]
[WhiteElo "2510"]
[BlackElo "2490"]
[PlyCount "42"]
[EventDate "1988.07.03"]
[EventType "tourn"]
[EventRounds "11"]
[EventCountry "DEN"]

1. e4 c5 2. Nf3 d6 3. d4 cxd4 4. Nxd4 Nf6 5. Nc3 a6 6. Be3 e5 7. Nb3 Be6 8. Be2
Be7 9. O-O O-O 10. Nd5 Nbd7 11. Qd3 Bxd5 12. exd5 Re8 13. a4 Bf8 14. a5 Rc8 15.
c4 e4 16. Qd1 Ne5 17. Nd2 Nfd7 18. b4 f5 19. Rc1 Qh4 20. Rc3 Nf6 21. Bd4 f4
1/2-1/2

[Event "Vesterhav"]
[Site "Esbjerg"]
[Date "1988.07.08"]
[Round "5"]
[White "Larsen, Bent"]
[Black "Kristiansen, Jens"]
[Result "1-0"]
[WhiteElo "2560"]
[BlackElo "2415"]
[PlyCount "83"]
[EventDate "1988.07.03"]
[EventType "tourn"]
[EventRounds "11"]
[EventCountry "DEN"]

1. Nf3 g6 2. d4 Bg7 3. e4 d6 4. h3 c6 5. Be2 Nf6 6. Nc3 O-O 7. a4 Nbd7 8. a5 e5
9. dxe5 dxe5 10. a6 b5 11. Qd6 Nb6 12. Qxd8 Rxd8 13. Nxe5 Re8 14. Nxc6 Bd7 15.
Nb4 Nxe4 16. Nxe4 Rxe4 17. c3 Rae8 18. Be3 Nc4 19. Bxc4 Rxc4 20. O-O Ra8 21.
Rfd1 Be8 22. Rd3 f5 23. Rad1 Bf8 24. Rd8 Rcc8 25. Rxc8 Rxc8 26. Nd5 Kf7 27.
Bxa7 Ra8 28. Bd4 Rxa6 29. Nc7 Ra2 30. Nxe8 Kxe8 31. b4 Kf7 32. g4 Bh6 33. gxf5
gxf5 34. Re1 Bf4 35. Kg2 Ra3 36. Re2 Bd6 37. Be5 Be7 38. Re3 Ra2 39. Rg3 Ke6
40. Bd4 Kd5 41. Rf3 Kc4 42. Rxf5 1-0

[Event "Vesterhav"]
[Site "Esbjerg"]
[Date "1988.07.08"]
[Round "5"]
[White "Rasmussen, Karsten"]
[Black "Kupreichik, Victor"]
[Result "0-1"]
[WhiteElo "2480"]
[BlackElo "2445"]
[PlyCount "54"]
[EventDate "1988.07.03"]
[EventType "tourn"]
[EventRounds "11"]
[EventCountry "DEN"]

1. c4 g6 2. g3 Bg7 3. Bg2 e5 4. Nc3 d6 5. e4 Ne7 6. Nge2 O-O 7. d4 Nec6 8. d5
Nd4 9. Nxd4 exd4 10. Ne2 c5 11. dxc6 Nxc6 12. Nf4 Ne5 13. O-O Nxc4 14. b3 Ne5
15. Bb2 Nc6 16. Qd2 a5 17. Rfd1 a4 18. Rab1 axb3 19. axb3 Ra2 20. Nd5 Bg4 21.
f3 Be6 22. Nb4 Nxb4 23. Qxb4 Qc8 24. Rbc1 Rxb2 25. Rxc8 Rxc8 26. Qxb7 d3 27.
Qb6 d2 0-1

[Event "Vesterhav"]
[Site "Esbjerg"]
[Date "1988.07.09"]
[Round "6"]
[White "Kosten, Anthony"]
[Black "Larsen, Bent"]
[Result "1/2-1/2"]
[WhiteElo "2510"]
[BlackElo "2560"]
[PlyCount "69"]
[EventDate "1988.07.03"]
[EventType "tourn"]
[EventRounds "11"]
[EventCountry "DEN"]

1. e4 c5 2. Nf3 Nc6 3. d4 cxd4 4. Nxd4 g6 5. c4 Bg7 6. Be3 Nf6 7. Nc3 Ng4 8.
Qxg4 Nxd4 9. Qd1 Ne6 10. Rc1 d6 11. Bd3 Bd7 12. O-O O-O 13. Bb1 a5 14. f4 Bc6
15. Qd2 a4 16. Nd5 Nc5 17. e5 b6 18. Nb4 Bb7 19. exd6 Qxd6 20. Qxd6 exd6 21.
Rcd1 Bxb2 22. Rxd6 Rfe8 23. Bf2 Re6 24. Rxe6 fxe6 25. Rd1 a3 26. Rd6 Na4 27.
Bc2 Bc3 28. Nc6 Nb2 29. Ne7+ Kf8 30. Rxb6 Ba6 31. Bc5 Kf7 32. Be4 Na4 33. Bxa8
Nxb6 34. Bxb6 Kxe7 35. Bc5+ 1/2-1/2

[Event "Vesterhav"]
[Site "Esbjerg"]
[Date "1988.07.09"]
[Round "6"]
[White "Kristiansen, Jens"]
[Black "Karlsson, Lars"]
[Result "1-0"]
[WhiteElo "2415"]
[BlackElo "2520"]
[PlyCount "83"]
[EventDate "1988.07.03"]
[EventType "tourn"]
[EventRounds "11"]
[EventCountry "DEN"]

1. Nf3 e6 2. g3 f5 3. Bg2 Nf6 4. O-O d5 5. d3 Bc5 6. Nbd2 O-O 7. c3 a5 8. Qc2
Nc6 9. e4 fxe4 10. dxe4 a4 11. a3 Qe8 12. c4 d4 13. e5 Ng4 14. Ne4 Qh5 15. h3
Ngxe5 16. Nxe5 Qxe5 17. Bf4 Qf5 18. Bxc7 Rf7 19. g4 Qg6 20. Qe2 Rxc7 21. Nxc5
Ra5 22. Nd3 Qf6 23. f4 Nd8 24. Rac1 Nf7 25. c5 Rb5 26. Rc4 Ra5 27. Rb4 Qd8 28.
Qe4 Bd7 29. Qxd4 Qc8 30. Re1 Bc6 31. Bxc6 Rxc6 32. Rxa4 Rxa4 33. Qxa4 h5 34.
Qe4 hxg4 35. hxg4 e5 36. f5 Rxc5 37. Nxc5 Qxc5+ 38. Kg2 Ng5 39. Qe3 Qd5+ 40.
Kg3 Nf7 41. b4 Qc4 42. Rc1 1-0

[Event "Vesterhav"]
[Site "Esbjerg"]
[Date "1988.07.09"]
[Round "6"]
[White "Vaganian, Rafael A"]
[Black "Rasmussen, Karsten"]
[Result "1/2-1/2"]
[WhiteElo "2595"]
[BlackElo "2480"]
[PlyCount "93"]
[EventDate "1988.07.03"]
[EventType "tourn"]
[EventRounds "11"]
[EventCountry "DEN"]

1. Nf3 Nf6 2. g3 d5 3. Bg2 c6 4. O-O Bg4 5. d3 Nbd7 6. Nbd2 e6 7. e4 Be7 8. h3
Bxf3 9. Qxf3 O-O 10. Qe2 dxe4 11. dxe4 e5 12. a4 Re8 13. Nc4 a5 14. Rd1 Qc7 15.
Bd2 b6 16. Ne3 Rad8 17. Nf5 Bf8 18. Qc4 Nc5 19. Bg5 Re6 20. c3 Rxd1+ 21. Rxd1
g6 22. Nh6+ Kg7 23. h4 Rd6 24. Rxd6 Bxd6 25. Be3 Qe7 26. b4 Qe6 27. Bf1 Qxc4
28. Bxc4 Ne6 29. bxa5 bxa5 30. f3 Nd7 31. Kf1 Bc5 32. Bd2 Bd6 33. Be3 Bc5 34.
Bc1 Bd6 35. Be3 Bc5 36. Bxe6 fxe6 37. Ng4 Bxe3 38. Nxe3 Nb6 39. Ke2 Nxa4 40.
Kd3 Nb6 41. Nc4 Nxc4 42. Kxc4 g5 43. hxg5 Kg6 44. Kb3 Kxg5 45. Ka4 h5 46. Kxa5
h4 47. gxh4+ 1/2-1/2

[Event "Vesterhav"]
[Site "Esbjerg"]
[Date "1988.07.10"]
[Round "7"]
[White "Hansen, Curt"]
[Black "Kristiansen, Jens"]
[Result "1/2-1/2"]
[WhiteElo "2520"]
[BlackElo "2415"]
[PlyCount "67"]
[EventDate "1988.07.03"]
[EventType "tourn"]
[EventRounds "11"]
[EventCountry "DEN"]

1. Nf3 g6 2. e4 Bg7 3. d4 d6 4. Nc3 Nf6 5. h3 O-O 6. Be3 Nc6 7. Bb5 a6 8. Bxc6
bxc6 9. O-O Rb8 10. b3 Bb7 11. Qd3 Nd7 12. Rad1 e6 13. Qd2 Qe7 14. Bh6 c5 15.
Bxg7 Kxg7 16. d5 h6 17. Rfe1 e5 18. Ne2 f5 19. exf5 gxf5 20. Nh2 Nf6 21. c4 Kh7
22. Ng3 Bc8 23. f4 e4 24. Nhf1 Qg7 25. Qf2 Rg8 26. Kh2 Bd7 27. Ne3 Qg6 28. Rg1
a5 29. Ngf1 a4 30. Nd2 Ra8 31. g3 Qg7 32. Qe1 axb3 33. axb3 Ra2 34. Ra1 1/2-1/2

[Event "Vesterhav"]
[Site "Esbjerg"]
[Date "1988.07.10"]
[Round "7"]
[White "Karlsson, Lars"]
[Black "Kosten, Anthony"]
[Result "1/2-1/2"]
[WhiteElo "2520"]
[BlackElo "2510"]
[PlyCount "81"]
[EventDate "1988.07.03"]
[EventType "tourn"]
[EventRounds "11"]
[EventCountry "DEN"]

1. c4 e5 2. Nc3 Nc6 3. g3 g6 4. Bg2 Bg7 5. Rb1 a5 6. a3 Nf6 7. e4 O-O 8. Nge2
d6 9. O-O Nd4 10. d3 Nh5 11. Nxd4 exd4 12. Ne2 c6 13. b4 axb4 14. axb4 Ra2 15.
Bb2 c5 16. Qb3 Ra6 17. bxc5 dxc5 18. Bc1 Re8 19. Nf4 Nxf4 20. Bxf4 Ree6 21. Bd2
Reb6 22. Qxb6 Rxb6 23. Ba5 Rxb1 24. Bxd8 Rb3 25. Ra1 b5 26. Be7 Bb7 27. e5 Bxg2
28. Kxg2 h5 29. f4 bxc4 30. Ra8+ Kh7 31. dxc4 Rb4 32. Rc8 Rxc4 33. Rxc5 Rxc5
34. Bxc5 d3 35. Kf3 d2 36. Ke2 g5 37. Bd4 gxf4 38. gxf4 Bh6 39. Be3 Bg7 40. Bd4
Bh6 41. Be3 1/2-1/2

[Event "Vesterhav"]
[Site "Esbjerg"]
[Date "1988.07.10"]
[Round "7"]
[White "Larsen, Bent"]
[Black "Hellers, Ferdinand"]
[Result "1/2-1/2"]
[WhiteElo "2560"]
[BlackElo "2490"]
[PlyCount "69"]
[EventDate "1988.07.03"]
[EventType "tourn"]
[EventRounds "11"]
[EventCountry "DEN"]

1. c4 Nf6 2. Nc3 g6 3. e4 d6 4. d4 Bg7 5. Nf3 O-O 6. h3 e5 7. dxe5 dxe5 8. Qxd8
Rxd8 9. Nd5 Na6 10. Bg5 Rd6 11. Bxf6 Bxf6 12. b4 c6 13. Nxf6+ Rxf6 14. a3 c5
15. b5 Nc7 16. Be2 Re6 17. O-O-O Re8 18. a4 f6 19. a5 Be6 20. Rd2 Kf8 21. Rhd1
Ke7 22. Ne1 Red8 23. Nc2 Rxd2 24. Rxd2 Rd8 25. Rxd8 Kxd8 26. Ne3 h5 27. h4 Ke7
28. Kd2 Ne8 29. g3 Nd6 30. Kd3 Kf7 31. f4 Ke7 32. Bf3 b6 33. axb6 axb6 34. Bd1
Kf8 35. Bf3 1/2-1/2

[Event "Vesterhav"]
[Site "Esbjerg"]
[Date "1988.07.10"]
[Round "7"]
[White "Mortensen, Erling"]
[Black "Kupreichik, Victor"]
[Result "0-1"]
[WhiteElo "2480"]
[BlackElo "2445"]
[PlyCount "80"]
[EventDate "1988.07.03"]
[EventType "tourn"]
[EventRounds "11"]
[EventCountry "DEN"]

1. Nf3 Nf6 2. g3 g6 3. Bg2 Bg7 4. c4 O-O 5. d4 d6 6. Nc3 Nc6 7. O-O e5 8. d5
Ne7 9. e4 Ne8 10. b4 f5 11. Ng5 h6 12. Ne6 Bxe6 13. dxe6 c6 14. b5 Qc8 15. bxc6
bxc6 16. c5 Qxe6 17. Ba3 Rd8 18. cxd6 Nxd6 19. Qb3 Kf7 20. Rfd1 Nc4 21. Bxe7
Kxe7 22. Bf1 Nd2 23. Qa3+ Qd6 24. Qxa7+ Rd7 25. Qa5 Rfd8 26. Bh3 Qd4 27. Rxd2
Qxd2 28. Rd1 Qg5 29. Qc5+ Rd6 30. a4 Ke6 31. Rf1 Qh5 32. Kg2 Kf7 33. Qc4+ Kf8
34. Rb1 Bf6 35. Rb7 Be7 36. exf5 gxf5 37. a5 e4 38. Qe2 Qf3+ 39. Qxf3 exf3+ 40.
Kg1 Bf6 0-1

[Event "Vesterhav"]
[Site "Esbjerg"]
[Date "1988.07.10"]
[Round "7"]
[White "Rasmussen, Karsten"]
[Black "Watson, William"]
[Result "0-1"]
[WhiteElo "2480"]
[BlackElo "2500"]
[PlyCount "58"]
[EventDate "1988.07.03"]
[EventType "tourn"]
[EventRounds "11"]
[EventCountry "DEN"]

1. c4 g6 2. g3 Bg7 3. Bg2 Nf6 4. Nc3 O-O 5. Nf3 d6 6. O-O Nc6 7. Rb1 a5 8. d3
e5 9. a3 h6 10. b4 axb4 11. axb4 Be6 12. Nd2 d5 13. b5 Ne7 14. cxd5 Nexd5 15.
Bb2 Re8 16. Na4 Nd7 17. Ne4 Qe7 18. Nec3 N7f6 19. Ra1 Red8 20. Qd2 b6 21. Rfc1
h5 22. Qc2 Ra5 23. Nxd5 Nxd5 24. Qc6 Qb4 25. Bxd5 Rxd5 26. Bc3 Qxb5 27. Bxa5
Qxc6 28. Rxc6 Rxa5 29. Rxc7 b5 0-1

[Event "Vesterhav"]
[Site "Esbjerg"]
[Date "1988.07.12"]
[Round "8"]
[White "Hellers, Ferdinand"]
[Black "Kupreichik, Victor"]
[Result "1-0"]
[WhiteElo "2490"]
[BlackElo "2445"]
[PlyCount "75"]
[EventDate "1988.07.03"]
[EventType "tourn"]
[EventRounds "11"]
[EventCountry "DEN"]

1. e4 c5 2. Nf3 d6 3. d4 cxd4 4. Nxd4 Nf6 5. Nc3 a6 6. f4 g6 7. Be2 Bg7 8. Be3
O-O 9. O-O Nbd7 10. Kh1 Nb6 11. Nb3 Bd7 12. e5 Ne8 13. Qd4 Nc8 14. Rad1 Bc6 15.
Qb4 a5 16. Qa3 Qc7 17. exd6 Nexd6 18. Nd4 Nb6 19. Nxc6 Qxc6 20. Bxb6 Bxc3 21.
Qxc3 Qxb6 22. Bd3 Rac8 23. Qe5 Rfe8 24. f5 Rc5 25. Qg3 Kg7 26. Rde1 Rd5 27.
fxg6 hxg6 28. Bxg6 Kf8 29. Bxf7 Nxf7 30. Qf3 Qg6 31. Qxd5 e6 32. Qc5+ Kg7 33.
Re3 Rh8 34. Qc3+ Kg8 35. Rg3 Ng5 36. Qe3 Rh5 37. Kg1 Kh7 38. h4 1-0